[Event "U20 Polish Youth Championship"]
[Site "Ustron"]
[Date "2019.11.27"]
[Round "6"]
[White "Raclawicki, Kacper"]
[Black "Sernecki, Franciszek"]
[Result "0-1"]
[Board "13"]
[WhiteElo "1854"]
[WhiteCountry "POL"]
[WhiteFideId "1174681"]
[WhiteEloChange "-2"]
[BlackElo "2285"]
[BlackCountry "POL"]
[BlackFideId "1169297"]
[BlackEloChange "2"]

1. d4 {[%clk 1:30:57]} Nf6 {[%clk 1:30:13]} 2. Nf3 {[%clk 1:30:49]} e6 {[%clk
1:30:24]} 3. c4 {[%clk 1:30:05]} d5 {[%clk 1:30:28]} 4. g3 {[%clk 1:29:22]} dxc4
{[%clk 1:25:07]} 5. Qa4+ {[%clk 1:28:10]} Nbd7 {[%clk 1:25:14]} 6. Qxc4 {[%clk
1:25:04]} a6 {[%clk 1:24:56]} 7. Qc2 {[%clk 1:15:53]} b5 {[%clk 1:16:22]} 8. Bf4
{[%clk 1:06:00]} c5 {[%clk 1:08:21]} 9. Bg2 {[%clk 1:03:51]} Bb7 {[%clk 1:07:43]}
10. O-O {[%clk 1:02:39]} Rc8 {[%clk 1:02:42]} 11. Nbd2 {[%clk 0:57:40]} Be7
{[%clk 0:54:42]} 12. Rac1 {[%clk 0:53:15]} O-O {[%clk 0:49:04]} 13. e4 {[%clk
0:40:28]} cxd4 {[%clk 0:39:50]} 14. Bc7 {[%clk 0:29:02]} Qe8 {[%clk 0:38:44]} 15.
Qb1 {[%clk 0:10:45]} Nc5 {[%clk 0:29:46]} 16. e5 {[%clk 0:03:15]} Nfe4 {[%clk
0:27:01]} 17. Ba5 {[%clk 0:00:43]} Nxd2 {[%clk 0:25:56]} 18. Bxd2 {[%clk
0:00:36]} Be4 {[%clk 0:22:58]} 19. Qa1 {[%clk 0:00:56]} Qd7 {[%clk 0:23:06]} 20.
b4 {[%clk 0:00:45]} Bxf3 {[%clk 0:22:36]} 21. Bxf3 {[%clk 0:00:32]} Nd3 {[%clk
0:23:02]} 22. Rxc8 {[%clk 0:00:30]} Rxc8 {[%clk 0:23:27]} 23. Be4 {[%clk
0:00:38]} Nxe5 {[%clk 0:23:05]} 24. Bf4 {[%clk 0:00:36]} Nc4 {[%clk 0:22:57]} 25.
Qb1 {[%clk 0:00:43]} g6 {[%clk 0:22:06]} 26. g4 {[%clk 0:00:35]} e5 {[%clk
0:22:10]} 27. Bg3 {[%clk 0:00:46]} Nd2 {[%clk 0:22:08]} 0-1

[Event "U20 Polish Youth Championship"]
[Site "Ustron"]
[Date "2019.11.27"]
[Round "6"]
[White "Czopor, Maciej"]
[Black "Jarzebowski, Kacper"]
[Result "1/2-1/2"]
[Board "14"]
[WhiteElo "2227"]
[WhiteCountry "POL"]
[WhiteFideId "21805431"]
[WhiteEloChange "-4"]
[BlackElo "2079"]
[BlackCountry "POL"]
[BlackFideId "1184954"]
[BlackEloChange "4"]

1. e4 {[%clk 1:30:58]} e5 {[%clk 1:29:52]} 2. Nf3 {[%clk 1:31:19]} Nc6 {[%clk
1:30:18]} 3. Bb5 {[%clk 1:31:41]} f5 {[%clk 1:30:47]} 4. d3 {[%clk 1:31:27]} fxe4
{[%clk 1:30:40]} 5. dxe4 {[%clk 1:31:52]} Nf6 {[%clk 1:31:03]} 6. O-O {[%clk
1:32:05]} Bc5 {[%clk 1:31:21]} 7. Bxc6 {[%clk 1:31:39]} bxc6 {[%clk 1:31:43]} 8.
Nxe5 {[%clk 1:31:58]} O-O {[%clk 1:31:57]} 9. Nc3 {[%clk 1:31:39]} d6 {[%clk
1:32:19]} 10. Nd3 {[%clk 1:31:32]} Bd4 {[%clk 1:30:56]} 11. Qe1 {[%clk 1:31:36]}
Qe8 {[%clk 1:31:02]} 12. Be3 {[%clk 1:31:53]} Bxc3 {[%clk 1:25:56]} 13. Qxc3
{[%clk 1:32:04]} Qxe4 {[%clk 1:25:50]} 14. Rae1 {[%clk 1:32:26]} Bd7 {[%clk
1:23:31]} 15. Bd4 {[%clk 1:32:24]} Qf5 {[%clk 1:19:48]} 16. Re7 {[%clk 1:31:03]}
Rf7 {[%clk 1:10:29]} 17. Rxf7 {[%clk 1:26:13]} Kxf7 {[%clk 1:10:49]} 18. Bxf6
{[%clk 1:26:27]} gxf6 {[%clk 0:52:24]} 19. Re1 {[%clk 1:25:55]} Rg8 {[%clk
0:52:04]} 20. Qc4+ {[%clk 1:23:23]} Qd5 {[%clk 0:51:46]} 21. Qxd5+ {[%clk
1:23:03]} cxd5 {[%clk 0:52:14]} 22. Nf4 {[%clk 1:21:50]} c6 {[%clk 0:52:27]} 23.
Re3 {[%clk 1:16:31]} Rb8 {[%clk 0:49:54]} 24. Rb3 {[%clk 1:15:02]} Rxb3 {[%clk
0:50:13]} 25. axb3 {[%clk 1:15:03]} Bf5 {[%clk 0:49:31]} 26. c3 {[%clk 1:14:31]}
a5 {[%clk 0:49:45]} 27. Kf1 {[%clk 1:13:46]} Bc2 {[%clk 0:49:58]} 28. b4 {[%clk
1:14:07]} axb4 {[%clk 0:49:50]} 29. cxb4 {[%clk 1:14:31]} Bb3 {[%clk 0:50:05]}
30. Ke2 {[%clk 1:14:03]} Bc4+ {[%clk 0:49:46]} 31. Kd2 {[%clk 1:02:17]} d4 {[%clk
0:49:18]} 32. g4 {[%clk 1:01:13]} c5 {[%clk 0:49:24]} 33. h4 {[%clk 0:59:41]} Bb5
{[%clk 0:40:47]} 34. Nd3 {[%clk 0:52:40]} c4 {[%clk 0:31:15]} 35. Nf4 {[%clk
0:50:23]} h6 {[%clk 0:30:41]} 36. Ne2 {[%clk 0:50:01]} d3 {[%clk 0:30:04]} 37.
Nd4 {[%clk 0:49:52]} Bd7 {[%clk 0:30:28]} 38. b5 {[%clk 0:39:42]} Ke7 {[%clk
0:29:14]} 39. Nc6+ {[%clk 0:37:49]} Ke6 {[%clk 0:16:45]} 40. f4 {[%clk 1:07:28]}
d5 {[%clk 0:45:32]} 41. g5 {[%clk 1:02:31]} hxg5 {[%clk 0:40:40]} 42. fxg5 {[%clk
1:01:34]} fxg5 {[%clk 0:35:08]} 43. hxg5 {[%clk 1:01:39]} Kd6 {[%clk 0:33:41]}
44. g6 {[%clk 1:00:00]} Kc5 {[%clk 0:31:56]} 45. Nd4 {[%clk 0:52:54]} Be8 {[%clk
0:32:19]} 46. g7 {[%clk 0:52:25]} Bf7 {[%clk 0:32:43]} 47. Kc3 {[%clk 0:51:37]}
Bg8 {[%clk 0:32:20]} 48. Kd2 {[%clk 0:44:54]} Bh7 {[%clk 0:28:17]} 49. Kc3 {[%clk
0:44:02]} Bg8 {[%clk 0:28:41]} 50. b3 {[%clk 0:41:54]} Bh7 {[%clk 0:25:19]} 51.
bxc4 {[%clk 0:40:44]} dxc4 {[%clk 0:24:46]} 52. Nf5 {[%clk 0:40:42]} Kxb5 {[%clk
0:24:39]} 53. Nd6+ {[%clk 0:40:46]} Kc5 {[%clk 0:23:56]} 54. Ne4+ {[%clk
0:40:12]} Kd5 {[%clk 0:23:49]} 55. Nf6+ {[%clk 0:40:32]} Ke6 {[%clk 0:24:14]}
1/2-1/2

[Event "U20 Polish Youth Championship"]
[Site "Ustron"]
[Date "2019.11.27"]
[Round "6"]
[White "Adamczewski, Maciej"]
[Black "Sowinski, Pawel"]
[Result "1-0"]
[Board "16"]
[WhiteElo "2095"]
[WhiteCountry "POL"]
[WhiteFideId "1148702"]
[WhiteEloChange "2"]
[BlackElo "1605"]
[BlackCountry "POL"]
[BlackFideId "21881979"]
[BlackEloChange "-2"]

1. d4 {[%clk 1:28:21]} d5 {[%clk 1:30:45]} 2. c4 {[%clk 1:28:41]} e6 {[%clk
1:31:07]} 3. Nf3 {[%clk 1:28:56]} Nf6 {[%clk 1:31:29]} 4. Nc3 {[%clk 1:29:14]}
Bb4 {[%clk 1:31:55]} 5. Bg5 {[%clk 1:29:33]} h6 {[%clk 1:32:16]} 6. Bxf6 {[%clk
1:29:05]} Qxf6 {[%clk 1:32:38]} 7. Qa4+ {[%clk 1:26:03]} Nc6 {[%clk 1:32:37]} 8.
e3 {[%clk 1:25:54]} O-O {[%clk 1:32:15]} 9. Be2 {[%clk 1:17:03]} Bd7 {[%clk
1:28:05]} 10. Qb3 {[%clk 1:14:07]} a5 {[%clk 1:24:55]} 11. a3 {[%clk 1:13:52]} a4
{[%clk 1:25:06]} 12. Qc2 {[%clk 1:14:19]} Bxc3+ {[%clk 1:24:45]} 13. Qxc3 {[%clk
1:14:43]} dxc4 {[%clk 1:24:01]} 14. Bxc4 {[%clk 1:13:08]} Qe7 {[%clk 1:19:29]}
15. O-O {[%clk 1:12:18]} Rfb8 {[%clk 1:18:19]} 16. Bb5 {[%clk 1:10:09]} f6 {[%clk
1:16:18]} 17. Rac1 {[%clk 0:52:59]} Qd6 {[%clk 1:11:01]} 18. Rfd1 {[%clk
0:50:55]} Kh8 {[%clk 1:02:59]} 19. e4 {[%clk 0:45:16]} Rd8 {[%clk 1:00:40]} 20.
e5 {[%clk 0:25:48]} Qe7 {[%clk 0:50:16]} 21. exf6 {[%clk 0:23:44]} Qxf6 {[%clk
0:38:02]} 22. Qe3 {[%clk 0:20:30]} Ra5 {[%clk 0:34:39]} 23. Bd3 {[%clk 0:19:07]}
Rd5 {[%clk 0:30:41]} 24. Be4 {[%clk 0:16:01]} Rd6 {[%clk 0:29:56]} 25. Rd3 {[%clk
0:13:27]} Be8 {[%clk 0:25:50]} 26. Rcd1 {[%clk 0:12:15]} Bh5 {[%clk 0:24:24]} 27.
Bxc6 {[%clk 0:08:36]} bxc6 {[%clk 0:22:20]} 28. Rc1 {[%clk 0:07:02]} Bxf3 {[%clk
0:21:42]} 29. Qxf3 {[%clk 0:06:23]} Rxd4 {[%clk 0:17:55]} 30. Qxf6 {[%clk
0:06:06]} gxf6 {[%clk 0:18:15]} 31. Rxd4 {[%clk 0:05:58]} Rxd4 {[%clk 0:18:37]}
32. Kf1 {[%clk 0:06:18]} Rd2 {[%clk 0:13:51]} 33. Rxc6 {[%clk 0:06:28]} Rxb2
{[%clk 0:13:58]} 34. Rxe6 {[%clk 0:05:46]} Kg7 {[%clk 0:13:36]} 35. Re4 {[%clk
0:05:17]} Rb1+ {[%clk 0:13:49]} 36. Ke2 {[%clk 0:05:07]} Rb2+ {[%clk 0:14:11]}
37. Kf3 {[%clk 0:03:22]} Rb3+ {[%clk 0:14:31]} 38. Re3 {[%clk 0:03:49]} f5 {[%clk
0:06:40]} 39. Ke2 {[%clk 0:03:25]} Rb2+ {[%clk 0:04:25]} 40. Kf3 {[%clk 0:33:47]}
Rb3 {[%clk 0:34:32]} 41. Kf4 {[%clk 0:29:55]} Rxe3 {[%clk 0:31:38]} 42. Kxe3
{[%clk 0:30:12]} Kf6 {[%clk 0:31:36]} 43. Kd4 {[%clk 0:30:16]} Ke6 {[%clk
0:31:25]} 44. Kc5 {[%clk 0:26:18]} Ke5 {[%clk 0:30:38]} 45. f3 {[%clk 0:14:40]}
h5 {[%clk 0:29:26]} 46. g3 {[%clk 0:14:02]} f4 {[%clk 0:29:29]} 47. Kc4 {[%clk
0:12:20]} Kd6 {[%clk 0:25:16]} 48. gxf4 {[%clk 0:12:27]} Ke6 {[%clk 0:23:32]} 49.
Kb4 {[%clk 0:12:41]} Kf5 {[%clk 0:23:53]} 50. Kxa4 {[%clk 0:13:07]} Kxf4 {[%clk
0:24:12]} 51. Kb3 {[%clk 0:13:23]} Kxf3 {[%clk 0:24:33]} 52. a4 {[%clk 0:13:51]}
h4 {[%clk 0:24:53]} 53. a5 {[%clk 0:14:18]} h3 {[%clk 0:25:11]} 54. a6 {[%clk
0:14:47]} Kg2 {[%clk 0:25:33]} 55. a7 {[%clk 0:15:10]} Kxh2 {[%clk 0:25:51]} 56.
a8Q {[%clk 0:15:33]} Kg3 {[%clk 0:25:38]} 57. Qh1 {[%clk 0:15:58]} 1-0

[Event "U20 Polish Youth Championship"]
[Site "Ustron"]
[Date "2019.11.27"]
[Round "6"]
[White "Czernek, Tymon"]
[Black "Karolczuk, Iwo"]
[Result "0-1"]
[Board "17"]
[WhiteElo "2097"]
[WhiteCountry "POL"]
[WhiteFideId "1199510"]
[WhiteEloChange "-13"]
[BlackElo "1982"]
[BlackCountry "POL"]
[BlackFideId "21816972"]
[BlackEloChange "13"]

1. e4 {[%clk 1:30:54]} c5 {[%clk 1:30:57]} 2. Nf3 {[%clk 1:31:17]} e6 {[%clk
1:31:22]} 3. d4 {[%clk 1:31:42]} cxd4 {[%clk 1:31:49]} 4. Nxd4 {[%clk 1:32:07]}
a6 {[%clk 1:32:17]} 5. Bd3 {[%clk 1:32:28]} Nf6 {[%clk 1:32:42]} 6. O-O {[%clk
1:32:53]} d6 {[%clk 1:33:08]} 7. Qe2 {[%clk 1:33:11]} Nbd7 {[%clk 1:33:18]} 8. c4
{[%clk 1:32:44]} Ne5 {[%clk 1:32:34]} 9. Bc2 {[%clk 1:30:27]} Be7 {[%clk
1:30:16]} 10. Kh1 {[%clk 1:25:56]} Qc7 {[%clk 1:25:55]} 11. b3 {[%clk 1:21:48]}
Bd7 {[%clk 1:25:03]} 12. f4 {[%clk 1:20:39]} Ng6 {[%clk 1:25:26]} 13. Bb2 {[%clk
1:16:46]} O-O {[%clk 1:10:49]} 14. Nd2 {[%clk 1:08:48]} Rac8 {[%clk 1:03:45]} 15.
Rae1 {[%clk 1:07:11]} e5 {[%clk 1:01:14]} 16. fxe5 {[%clk 0:59:30]} dxe5 {[%clk
0:59:09]} 17. Nf5 {[%clk 0:59:54]} Be6 {[%clk 0:58:20]} 18. Nxe7+ {[%clk
0:54:40]} Qxe7 {[%clk 0:58:21]} 19. Nb1 {[%clk 0:52:24]} Rfd8 {[%clk 0:54:56]}
20. Nc3 {[%clk 0:47:17]} Nf4 {[%clk 0:54:06]} 21. Rxf4 {[%clk 0:46:44]} exf4
{[%clk 0:54:24]} 22. Qf2 {[%clk 0:45:59]} Ng4 {[%clk 0:48:49]} 23. Qxf4 {[%clk
0:37:43]} Qh4 {[%clk 0:47:46]} 24. Qg3 {[%clk 0:35:56]} Qxg3 {[%clk 0:47:49]} 25.
hxg3 {[%clk 0:36:15]} Rd2 {[%clk 0:46:46]} 26. Re2 {[%clk 0:36:41]} Rxe2 {[%clk
0:46:44]} 27. Nxe2 {[%clk 0:37:06]} b5 {[%clk 0:45:46]} 28. Bd4 {[%clk 0:35:10]}
bxc4 {[%clk 0:45:10]} 29. b4 {[%clk 0:35:33]} f6 {[%clk 0:41:54]} 30. Kg1 {[%clk
0:35:45]} Rd8 {[%clk 0:40:10]} 31. Kf1 {[%clk 0:35:43]} c3 {[%clk 0:39:34]} 32.
Ke1 {[%clk 0:35:37]} Bxa2 {[%clk 0:38:00]} 33. Bxc3 {[%clk 0:35:58]} Bc4 {[%clk
0:34:32]} 34. Nd4 {[%clk 0:35:44]} Re8 {[%clk 0:31:36]} 35. Nf5 {[%clk 0:30:35]}
Rd8 {[%clk 0:28:02]} 36. Nd4 {[%clk 0:28:27]} Ne5 {[%clk 0:26:17]} 37. Kf2 {[%clk
0:28:02]} Rc8 {[%clk 0:25:00]} 38. Bd2 {[%clk 0:28:09]} Nc6 {[%clk 0:23:38]} 39.
Nf5 {[%clk 0:27:22]} Rb8 {[%clk 0:22:34]} 40. Ne3 {[%clk 0:55:07]} Be6 {[%clk
0:51:37]} 41. Bd3 {[%clk 0:54:59]} Nxb4 {[%clk 0:51:12]} 42. Bxb4 {[%clk
0:55:20]} Rxb4 {[%clk 0:51:33]} 43. Bxa6 {[%clk 0:55:44]} Rxe4 {[%clk 0:51:53]}
44. Bb7 {[%clk 0:55:50]} Rb4 {[%clk 0:52:16]} 45. Bd5 {[%clk 0:56:13]} Bxd5
{[%clk 0:52:32]} 46. Nxd5 {[%clk 0:56:35]} Rb2+ {[%clk 0:52:54]} 47. Kf3 {[%clk
0:57:02]} Kf7 {[%clk 0:53:17]} 48. Nf4 {[%clk 0:57:28]} g5 {[%clk 0:53:32]} 49.
Nd5 {[%clk 0:57:35]} h5 {[%clk 0:53:03]} 50. Ne3 {[%clk 0:57:58]} Kg6 {[%clk
0:52:54]} 51. g4 {[%clk 0:58:21]} h4 {[%clk 0:52:31]} 52. Nf5 {[%clk 0:58:45]}
Kf7 {[%clk 0:52:06]} 53. Nd4 {[%clk 0:58:59]} Rb4 {[%clk 0:51:39]} 54. Ne2 {[%clk
0:59:08]} Ke6 {[%clk 0:51:40]} 55. g3 {[%clk 0:59:27]} h3 {[%clk 0:51:46]} 0-1

[Event "U20 Polish Youth Championship"]
[Site "Ustron"]
[Date "2019.11.27"]
[Round "6"]
[White "Hasterok, Mateusz"]
[Black "Trybus, Daniel"]
[Result "1-0"]
[Board "18"]
[WhiteElo "2018"]
[WhiteCountry "POL"]
[WhiteFideId "21822352"]
[WhiteEloChange "6"]
[BlackElo "1862"]
[BlackCountry "POL"]
[BlackFideId "21816131"]
[BlackEloChange "-6"]

1. d4 {[%clk 1:30:58]} Nf6 {[%clk 1:27:50]} 2. c4 {[%clk 1:31:25]} g6 {[%clk
1:28:12]} 3. f3 {[%clk 1:31:52]} Bg7 {[%clk 1:28:27]} 4. e4 {[%clk 1:32:18]} O-O
{[%clk 1:28:51]} 5. Be3 {[%clk 1:32:46]} Nc6 {[%clk 1:23:22]} 6. Ne2 {[%clk
1:32:37]} a6 {[%clk 1:23:02]} 7. Nbc3 {[%clk 1:32:16]} Rb8 {[%clk 1:23:00]} 8.
Nc1 {[%clk 1:27:18]} e5 {[%clk 1:21:26]} 9. d5 {[%clk 1:27:26]} Nd4 {[%clk
1:21:41]} 10. Nb3 {[%clk 1:27:53]} Nxb3 {[%clk 1:20:57]} 11. axb3 {[%clk
1:28:12]} d6 {[%clk 1:21:03]} 12. g4 {[%clk 1:24:53]} c6 {[%clk 1:19:00]} 13. Qd2
{[%clk 1:18:03]} h5 {[%clk 1:18:34]} 14. h3 {[%clk 1:15:31]} Nd7 {[%clk 1:16:33]}
15. dxc6 {[%clk 1:12:30]} bxc6 {[%clk 1:16:52]} 16. Qxd6 {[%clk 1:12:50]} Rxb3
{[%clk 1:16:23]} 17. Qd2 {[%clk 1:09:04]} Qh4+ {[%clk 1:13:25]} 18. Bf2 {[%clk
1:08:47]} Qf6 {[%clk 1:13:37]} 19. Be2 {[%clk 1:07:15]} h4 {[%clk 1:10:13]} 20.
O-O {[%clk 0:58:56]} Qe7 {[%clk 1:06:57]} 21. Na4 {[%clk 0:57:56]} Rd8 {[%clk
1:03:32]} 22. Rfd1 {[%clk 0:56:41]} Bf6 {[%clk 0:59:51]} 23. Qc2 {[%clk 0:51:05]}
Rb8 {[%clk 0:56:53]} 24. c5 {[%clk 0:47:23]} Nf8 {[%clk 0:56:53]} 25. Rxd8 {[%clk
0:45:00]} Qxd8 {[%clk 0:56:30]} 26. Rd1 {[%clk 0:45:03]} Qe8 {[%clk 0:53:11]} 27.
Bc4 {[%clk 0:41:41]} Bd8 {[%clk 0:39:56]} 28. Nb6 {[%clk 0:40:03]} Bxb6 {[%clk
0:39:56]} 29. cxb6 {[%clk 0:39:05]} Nd7 {[%clk 0:38:43]} 30. Bxh4 {[%clk
0:39:05]} Nxb6 {[%clk 0:37:23]} 31. Rd8 {[%clk 0:39:28]} Nd7 {[%clk 0:37:23]} 1-0

[Event "U20 Polish Youth Championship"]
[Site "Ustron"]
[Date "2019.11.27"]
[Round "6"]
[White "Dzwierzynski, Bartosz"]
[Black "Stachecki, Mikolaj"]
[Result "1-0"]
[Board "19"]
[WhiteElo "2065"]
[WhiteCountry "POL"]
[WhiteFideId "21812837"]
[WhiteEloChange "6"]
[BlackElo "1901"]
[BlackCountry "POL"]
[BlackFideId "21838810"]
[BlackEloChange "-6"]

1. d4 {[%clk 1:30:58]} Nf6 {[%clk 1:30:41]} 2. c4 {[%clk 1:31:25]} g6 {[%clk
1:31:03]} 3. Nc3 {[%clk 1:31:53]} Bg7 {[%clk 1:31:24]} 4. e4 {[%clk 1:32:20]} d6
{[%clk 1:31:48]} 5. Nf3 {[%clk 1:32:47]} O-O {[%clk 1:32:11]} 6. Be2 {[%clk
1:33:15]} Nbd7 {[%clk 1:32:32]} 7. O-O {[%clk 1:33:24]} e5 {[%clk 1:32:51]} 8.
Qc2 {[%clk 1:32:33]} c6 {[%clk 1:31:08]} 9. Rd1 {[%clk 1:32:56]} Qe7 {[%clk
1:31:31]} 10. d5 {[%clk 1:28:59]} c5 {[%clk 1:31:46]} 11. a3 {[%clk 1:29:21]} Nh5
{[%clk 1:23:53]} 12. b4 {[%clk 1:28:51]} h6 {[%clk 1:13:03]} 13. bxc5 {[%clk
1:24:49]} Nxc5 {[%clk 1:13:27]} 14. Be3 {[%clk 1:24:43]} b6 {[%clk 1:13:48]} 15.
a4 {[%clk 1:23:23]} f5 {[%clk 1:06:52]} 16. Nd2 {[%clk 1:20:30]} Nf6 {[%clk
0:58:39]} 17. f3 {[%clk 1:20:50]} f4 {[%clk 0:59:01]} 18. Bf2 {[%clk 1:21:17]} a5
{[%clk 0:42:37]} 19. Rab1 {[%clk 1:19:54]} Nfd7 {[%clk 0:42:40]} 20. Rb2 {[%clk
1:16:56]} Ba6 {[%clk 0:41:42]} 21. Nb5 {[%clk 1:16:29]} Bxb5 {[%clk 0:35:07]} 22.
Rxb5 {[%clk 1:16:43]} Rfb8 {[%clk 0:34:51]} 23. Rdb1 {[%clk 1:11:42]} Qd8 {[%clk
0:24:24]} 24. Qa2 {[%clk 1:06:03]} Ra7 {[%clk 0:15:51]} 25. Nb3 {[%clk 1:04:43]}
Rab7 {[%clk 0:16:17]} 26. Nc1 {[%clk 0:59:33]} h5 {[%clk 0:13:53]} 27. Bf1 {[%clk
0:59:32]} Bf6 {[%clk 0:14:06]} 28. Qc2 {[%clk 0:59:30]} Bh4 {[%clk 0:12:45]} 29.
Bxc5 {[%clk 0:49:52]} Nxc5 {[%clk 0:12:52]} 30. Nd3 {[%clk 0:49:55]} Nxd3 {[%clk
0:11:54]} 31. Qxd3 {[%clk 0:50:04]} Bf6 {[%clk 0:11:00]} 32. Qb3 {[%clk 0:48:17]}
Kh8 {[%clk 0:10:45]} 33. g3 {[%clk 0:48:16]} g5 {[%clk 0:07:48]} 34. Bh3 {[%clk
0:47:34]} Qc7 {[%clk 0:06:50]} 35. Bf5 {[%clk 0:46:43]} Qe7 {[%clk 0:04:08]} 36.
Qc2 {[%clk 0:43:32]} h4 {[%clk 0:03:38]} 37. Qg2 {[%clk 0:36:56]} Qg7 {[%clk
0:03:05]} 38. Qh3 {[%clk 0:36:53]} Qh6 {[%clk 0:03:11]} 39. Bd7 {[%clk 0:32:52]}
Bd8 {[%clk 0:02:24]} 40. Bc6 {[%clk 1:01:59]} Rf7 {[%clk 0:31:01]} 41. g4 {[%clk
1:00:58]} Rc8 {[%clk 0:29:09]} 42. Qg2 {[%clk 1:00:54]} Qf6 {[%clk 0:21:42]} 43.
h3 {[%clk 1:01:17]} Qe7 {[%clk 0:17:42]} 44. Qd2 {[%clk 1:01:12]} Bc7 {[%clk
0:17:49]} 45. Qc3 {[%clk 1:00:53]} Rcf8 {[%clk 0:15:26]} 46. Kg2 {[%clk 1:00:56]}
Rc8 {[%clk 0:15:17]} 47. R1b3 {[%clk 1:01:20]} Rb8 {[%clk 0:12:45]} 48. Rb1
{[%clk 0:59:15]} Rf6 {[%clk 0:11:29]} 49. Qa3 {[%clk 0:58:30]} Rf7 {[%clk
0:11:06]} 50. R1b3 {[%clk 0:58:37]} Rff8 {[%clk 0:11:11]} 51. Kf1 {[%clk
0:58:44]} Kg8 {[%clk 0:11:05]} 52. Ke2 {[%clk 0:58:46]} Kh7 {[%clk 0:09:27]} 53.
Qb2 {[%clk 0:59:06]} Qd8 {[%clk 0:09:21]} 54. Qc3 {[%clk 0:59:32]} Kg8 {[%clk
0:09:00]} 55. Rb2 {[%clk 0:59:50]} Qe7 {[%clk 0:09:04]} 56. Qb3 {[%clk 0:59:53]}
Qd8 {[%clk 0:09:23]} 57. c5 {[%clk 0:57:01]} bxc5 {[%clk 0:09:48]} 58. Qc4 {[%clk
0:55:32]} Qe7 {[%clk 0:05:37]} 59. Kd3 {[%clk 0:54:13]} Rxb5 {[%clk 0:05:24]} 60.
Qxb5 {[%clk 0:54:22]} Kf7 {[%clk 0:04:28]} 61. Qa6 {[%clk 0:53:47]} Rb8 {[%clk
0:02:56]} 62. Rxb8 {[%clk 0:54:00]} Bxb8 {[%clk 0:03:16]} 63. Qc8 {[%clk
0:53:58]} Qf8 {[%clk 0:01:31]} 64. Qf5+ {[%clk 0:53:46]} Kg7 {[%clk 0:00:31]} 65.
Qxg5+ {[%clk 0:54:04]} Kf7 {[%clk 0:00:54]} 66. Kc4 {[%clk 0:53:46]} Qh8 {[%clk
0:00:44]} 67. Bd7 {[%clk 0:53:05]} Qf6 {[%clk 0:01:02]} 68. Qh5+ {[%clk 0:53:08]}
Kg7 {[%clk 0:01:15]} 69. Bf5 {[%clk 0:51:37]} Kf8 {[%clk 0:01:02]} 70. g5 {[%clk
0:51:27]} Qg7 {[%clk 0:00:52]} 71. g6 {[%clk 0:48:23]} Qa7 {[%clk 0:00:39]} 72.
Qh8+ {[%clk 0:48:17]} Ke7 {[%clk 0:01:03]} 73. Qg7+ {[%clk 0:47:50]} Ke8 {[%clk
0:01:17]} 74. Qg8+ {[%clk 0:48:11]} Ke7 {[%clk 0:01:36]} 75. Qf7+ {[%clk
0:48:35]} 1-0

[Event "U20 Polish Youth Championship"]
[Site "Ustron"]
[Date "2019.11.27"]
[Round "6"]
[White "Turski, Bartlomiej"]
[Black "Jeda, Maciej"]
[Result "1/2-1/2"]
[Board "20"]
[WhiteElo "1993"]
[WhiteCountry "POL"]
[WhiteFideId "21810567"]
[WhiteEloChange "-4"]
[BlackElo "1865"]
[BlackCountry "POL"]
[BlackFideId "21857679"]
[BlackEloChange "4"]

1. e4 {[%clk 1:30:58]} c5 {[%clk 1:30:53]} 2. Nf3 {[%clk 1:31:19]} d6 {[%clk
1:31:13]} 3. d4 {[%clk 1:31:44]} cxd4 {[%clk 1:31:33]} 4. Nxd4 {[%clk 1:32:07]}
Nf6 {[%clk 1:31:51]} 5. Nc3 {[%clk 1:32:31]} g6 {[%clk 1:32:10]} 6. Be3 {[%clk
1:32:53]} Bg7 {[%clk 1:32:30]} 7. f3 {[%clk 1:33:13]} O-O {[%clk 1:32:50]} 8. Qd2
{[%clk 1:33:38]} Nc6 {[%clk 1:33:08]} 9. g4 {[%clk 1:33:58]} Be6 {[%clk 1:33:22]}
10. Nxe6 {[%clk 1:34:04]} fxe6 {[%clk 1:33:38]} 11. O-O-O {[%clk 1:34:23]} Ne5
{[%clk 1:30:00]} 12. Be2 {[%clk 1:34:28]} Qa5 {[%clk 1:28:31]} 13. g5 {[%clk
1:08:12]} Ne8 {[%clk 1:17:29]} 14. f4 {[%clk 1:03:59]} Nc6 {[%clk 1:17:49]} 15.
Bc4 {[%clk 1:01:57]} Nc7 {[%clk 1:18:11]} 16. a3 {[%clk 0:44:00]} b5 {[%clk
1:08:39]} 17. Nxb5 {[%clk 0:37:48]} Nxb5 {[%clk 1:07:56]} 18. Qxa5 {[%clk
0:36:08]} Nxa5 {[%clk 1:08:14]} 19. Bxb5 {[%clk 0:36:02]} Rfb8 {[%clk 1:01:54]}
20. a4 {[%clk 0:31:53]} a6 {[%clk 1:02:05]} 21. Bd7 {[%clk 0:28:24]} Bxb2+ {[%clk
1:02:17]} 22. Kd2 {[%clk 0:28:49]} Kf7 {[%clk 1:02:25]} 23. f5 {[%clk 0:28:34]}
exf5 {[%clk 1:01:20]} 24. exf5 {[%clk 0:28:54]} Nc4+ {[%clk 0:57:38]} 25. Ke2
{[%clk 0:28:56]} Nxe3 {[%clk 0:56:44]} 26. Kxe3 {[%clk 0:29:18]} Rb4 {[%clk
0:53:37]} 27. h4 {[%clk 0:25:45]} Kg7 {[%clk 0:31:03]} 28. h5 {[%clk 0:18:13]}
gxh5 {[%clk 0:30:24]} 29. Rxh5 {[%clk 0:17:11]} Rd8 {[%clk 0:29:37]} 30. Bc6
{[%clk 0:14:57]} Rc8 {[%clk 0:10:55]} 31. Be4 {[%clk 0:14:37]} Rcc4 {[%clk
0:11:08]} 32. Bd3 {[%clk 0:11:24]} Rh4 {[%clk 0:11:19]} 33. Rh1 {[%clk 0:10:39]}
Bc1+ {[%clk 0:11:25]} 34. Ke2 {[%clk 0:09:54]} Rxh1 {[%clk 0:11:46]} 35. f6+
{[%clk 0:09:26]} exf6 {[%clk 0:11:57]} 36. Rxh1 {[%clk 0:08:55]} Bxg5 {[%clk
0:11:54]} 37. Rxh7+ {[%clk 0:08:52]} Kf8 {[%clk 0:11:26]} 38. Ra7 {[%clk
0:08:37]} Rxa4 {[%clk 0:11:38]} 39. Rxa6 {[%clk 0:08:36]} Rxa6 {[%clk 0:11:31]}
40. Bxa6 {[%clk 0:38:59]} Ke7 {[%clk 0:41:11]} 1/2-1/2